| 000 | 01324nam a2200313Ia 4500 | ||
|---|---|---|---|
| 001 | ebr10619567 | ||
| 003 | CaPaEBR | ||
| 006 | m u | ||
| 007 | cr cn||||||||| | ||
| 008 | 071128s2007 txua sbf 001 0 eng d | ||
| 020 | _z9781555631222 | ||
| 020 | _z9781555633363 | ||
| 040 |
_aCaPaEBR _cCaPaEBR |
||
| 035 | _a(OCoLC)820816952 | ||
| 050 | 1 | 4 |
_aTN870 _b.P496 2007eb |
| 100 | 1 | _aLake, Larry W. | |
| 245 | 1 | 0 |
_aPetroleum engineering handbook _h[electronic resource] . _nVolume VI, _pEmerging and peripheral technologies / _cLarry W. Lake, editor-in-chief ; H.R. Warner Jr., editor. |
| 260 |
_aRichardson, TX : _bSociety Of Petroleum Engineers, _c2007. |
||
| 300 |
_avi, 629 p. : _bill. (some col.) |
||
| 504 | _aIncludes bibliographical references and indexes. | ||
| 533 |
_aElectronic reproduction. _bPalo Alto, Calif. : _cebrary, _d2011. _nAvailable via World Wide Web. _nAccess may be limited to ebrary affiliated libraries. |
||
| 650 | 0 |
_aPetroleum engineering _vHandbooks, manuals, etc. |
|
| 650 | 0 | _aPetroleum industry and trade. | |
| 655 | 7 |
_aElectronic books. _2local |
|
| 700 | 1 | _aLake, Larry W. | |
| 700 | 1 |
_aWarner, H. R. _q(Hal R.) |
|
| 710 | 2 | _aebrary, Inc. | |
| 856 | 4 | 0 |
_uhttp://site.ebrary.com/lib/rucke/Doc?id=10619567 _zAn electronic book accessible through the World Wide Web; click to view |
| 999 |
_c53864 _d53864 |
||